书目信息 |
| 题名: |
城市生态空间构建与规划
|
|
| 作者: | 郝丽君 著 | |
| 分册: | ||
| 出版信息: | 北京 地质出版社 2021.1 |
|
| 页数: | 132页 | |
| 开本: | 24cm | |
| 丛书名: | ||
| 单 册: | ||
| 中图分类: | X321.261.1 | |
| 科图分类: | ||
| 主题词: | 城市环境--生态环境--空间规划--郑州 | |
| 电子资源: | ||
| ISBN: | 978-7-116-11758-7 | |
| 000 | 00997nam0 2200229 45 | |
| 001 | 012001000317 | |
| 005 | 20140911113549.0 | |
| 010 | @a978-7-116-11758-7@dCNY50.00 | |
| 100 | @a20210304d2021 kemy0chiy50 ea | |
| 101 | 0 | @achi |
| 102 | @aCN@b110000 | |
| 105 | @aab v 000yy | |
| 106 | @ar | |
| 200 | 1 | @a城市生态空间构建与规划@Acheng shi sheng tai kong jian gou jian yu gui hua@b专著@e以郑州绿道为例@f郝丽君著 |
| 210 | @a北京@c地质出版社@d2021.1 | |
| 215 | @a132页@c图,地图@d24cm | |
| 330 | @a本书在构建城市生态空间的指导思想下,以绿道为生态空间的研究载体,从多学科融贯的角度,以郑州都市区为研究范围,运用遥感技术和景观分析的方法,从实体空间数据的对比分析中找出目前郑州绿道空间存在的问题,以此为导向进行绿道生态空间网络的构建,从空间、规划、生态三个方面对郑州生态空间、绿道建设提出科学的参考依据。 | |
| 606 | 0 | @a城市环境@x生态环境@x空间规划@y郑州 |
| 690 | @aX321.261.1@v5 | |
| 701 | 0 | @a郝丽君@Ahao li jun@4著 |
| 801 | 0 | @aCN@bBJSDL@c20211011 |
| 905 | @b1331237-40@dX321.261.1@e281@f4 | |
| 城市生态空间构建与规划:以郑州绿道为例/郝丽君著.-北京:地质出版社,2021.1 |
| 132页:图,地图;24cm |
| ISBN 978-7-116-11758-7:CNY50.00 |
| 本书在构建城市生态空间的指导思想下,以绿道为生态空间的研究载体,从多学科融贯的角度,以郑州都市区为研究范围,运用遥感技术和景观分析的方法,从实体空间数据的对比分析中找出目前郑州绿道空间存在的问题,以此为导向进行绿道生态空间网络的构建,从空间、规划、生态三个方面对郑州生态空间、绿道建设提出科学的参考依据。 |
| ● |
| 相关链接 |
|
|
|
|
正题名:城市生态空间构建与规划
索取号:X321.261.1/281
 
预约/预借
| 序号 | 登录号 | 条形码 | 馆藏地/架位号 | 状态 | 备注 |
| 1 | 1331237 | 213312379 | 第二样本阅览室/ [索取号:X321.261.1/281] | 在馆 | |
| 2 | 1331238 | 213312388 | 第三借阅区/ [索取号:X321.261.1/281] | 在馆 | |
| 3 | 1331239 | 213312397 | 第三借阅区/ [索取号:X321.261.1/281] | 在馆 | |
| 4 | 1331240 | 213312404 | 第三借阅区/ [索取号:X321.261.1/281] | 在馆 |